| 000 | 00323cam a2200133ua 4500 | ||
|---|---|---|---|
| 082 |
_a330 _bSUN/PR |
||
| 100 |
_aSundharam, K.P.M . _91677 |
||
| 245 | _aPrinciples of Economics / | ||
| 250 | _a7 / | ||
| 260 |
_aAgra : _bRatan Prakashan Mandir , _c1970. |
||
| 300 | _a617 ; . | ||
| 700 | 1 |
_aVaish, M.C . _91676 |
|
| 942 | _cBK | ||
| 999 |
_c2058 _d2058 |
||